15 Most Famous Cities in Nicaragua on a Map - Statistics

General Stats
  • This quiz has been taken 56 times
  • The average score is 7 of 16
Answers on the Map
Answers color-coded by a green-red scale on the quiz's map according to % correct below.
 
Answer Stats
Wiki Monthly Views Cityquiz Mention Rate Population Answers % Correct
33.45K 28.06% 1055.11K Managua
100%
9.51K 6.45% 177.27K León
81%
9.71K 4.50% 106.72K Granada
68%
4.64K 0.95% 112.13K Estelí
51%
7.19K 1.56% 56.42K Bluefields
49%
5.37K 0.83% 140.72K Masaya
49%
3.82K 0.69% 115.69K Chinandega
47%
6.17K 0.67% 114.12K Matagalpa
47%
3.85K 0.29% 57.60K Jinotega
38%
2.56K 0.32% 35.97K Rivas
38%
4.26K 0.20% 14.74K San Juan del Sur
38%
2.88K 0.48% 86.28K Puerto Cabezas
32%
1.48K 0.31% 150.60K Tipitapa
30%
6.52K - 6.63K Corn Island
28%
1.72K 0.10% 18.65K Corinto
17%
1.61K 0.04% 44.66K Diriamba
17%
No matching quizzes found
Score Distribution
Percent of People with Each Score
Percentile by Number Answered
Your Score History
You have not taken this quiz